Statistics for Five Biggest Countries by Consecutive Two-Letter Pair

Click here to take the quiz!

General Stats

  • This quiz has been taken 702 times
  • The average score is 22 of 40

Answer Stats

Country% Correct
NDIndia
99%
INIndia
99%
RURussia
96%
INIndonesia
93%
NDIndonesia
93%
DEDenmark
82%
VIVietnam
80%
INChina
77%
TAUnited States
77%
MAMali
69%
KIUnited Kingdom
68%
TAPakistan
67%
KIPakistan
67%
TATanzania
64%
DEDem Rep Congo
62%
TAMauritania
61%
MAMauritania
61%
TAKazakhstan
60%
KITajikistan
59%
INArgentina
58%
NDFinland
53%
MAMadagascar
53%
KIUzbekistan
52%
NDPoland
49%
VIBolivia
48%
RUPeru
48%
NDThailand
47%
DESweden
46%
INUkraine
43%
MAMyanmar
40%
RUBelarus
39%
MASomalia
33%
VILatvia
32%
RUUruguay
27%
DEBangladesh
23%
RUBurundi
22%
KIBurkina Faso
17%
VIBosnia & Herzegovina
13%
VISt. Vincent & Grenadines
11%
DECape Verde
5%

Score Distribution

Percentile by Number Answered

Percent of People with Each Score

Your Score History

You have not taken this quiz